Statistics for NRL HOTTEST 100 2024

Click here to take the quiz!

General Stats

  • This quiz has been taken 105 times
  • The average score is 40 of 100

Answer Stats

HintTeamAnswer% Correct
2BroncosReece Walsh
97%
3KnightsKalyn Ponga
94%
1DolphinsHerbie Farnworth
86%
12PanthersNathan Cleary
85%
7SharksNicho Hynes
83%
8WarriorsShaun Johnson
80%
4BroncosJordan Riki
79%
65RabbitohsLatrell Mitchell
76%
6RabbitohsCameron Murray
74%
29PanthersBrian To’o
73%
87BulldogsJosh Addo-Carr
71%
5BroncosPatrick Carrigan
70%
9StormRyan Papenhuyzen
68%
42StormCameron Munster
67%
95RoostersJames Tedesco
65%
34WarriorsChanel Harris-Tevita
64%
33EelsMitchell Moses
64%
28BroncosAdam Reynolds
62%
10EelsDylan Brown
61%
25BroncosEzra Mam
61%
11TitansTino Fa’asuamaleaui
61%
13RoostersJoesph Manu
59%
19BroncosKotoni Staggs
59%
16StormHarry Grant
58%
15BulldogsStephen Crichton
58%
32Sea EaglesJake Trbojevic
56%
18CowboysValentine Holmes
56%
74RoostersAngus Crichton
55%
26TitansJayden Campbell
53%
96RoostersSam Walker
53%
88StormXavier Coates
53%
20TitansAJ Brimson
52%
14WarriorsRoger Tuivasa-Sheck
50%
67BroncosSelwyn Cobbo
50%
99RoostersBrandon Smith
48%
47BulldogsMatt Burton
48%
17Sea EaglesReuben Garrick
48%
41EelsClint Gutherson
47%
77PanthersJames fisher-Harris
47%
100RoostersBilly Smith
45%
53RoostersDom Young
44%
94PanthersDylan Edwards
44%
56DolphinsHamiso Tabuai-Fidow
44%
36PanthersIzack Tago
42%
76StormNick Meaney
42%
82PanthersTaylan May
42%
23WarriorsDallin Watene-Zelezniak
41%
72RaidersHudson Young
41%
39CowboysScott Drinkwater
41%
55WarriorsTe Maire Martin
39%
57RoostersVictor Radley
39%
22BroncosJesse Arthars
38%
64RabbitohsJack Wighton
36%
71BroncosCorey Oates
35%
58DragonsZac Lomax
35%
27RabbitohsCampbell Graham
33%
43WarriorsCharnze Nicoll-Klokstad
33%
93RabbitohsDamien Cook
33%
37DolphinsJamayne Isaako
32%
78StormWill Warbrick
32%
81BroncosBrendan Piakura
30%
97StormChristian Welch
30%
40KnightsBradman Best
29%
30RoostersJoesph Sua’ali’i
29%
66RaidersJoseph Tapine
29%
35CowboysReuben Cotter
29%
31EelsRyan Matterson
26%
98RabbitohsLachlan Ilias
24%
90EelsWill Penisini
24%
51SharksBlayke Brailey
23%
83RoostersLindsay Collins
23%
68TitansAlofiana Khan-Pereira
21%
54TigersAlex Twal
20%
59SharksCameron Mcinnes
20%
73RaidersChevy Stewart
20%
24RoostersConnor Watson
20%
89BulldogsJacob Preston
20%
63CowboysMurray Taulagi
20%
80EelsReagan Campbell-Gillard
20%
21PanthersScott Sorensen
20%
48SharksBriton Nikora
18%
92StormJack Howarth
18%
69RabbitohsJai Arrow
18%
60BulldogsBlake Wilson
15%
38RaidersCorey Horsburgh
15%
85TitansSam Verrills
15%
79StormSua Fa’alogo
15%
45DragonsBlake Lawrie
12%
62BulldogsBronson Xerri
12%
86SharksDale Fineucane
11%
44BulldogsJosh Curran
11%
91DolphinsMark Nicholls
11%
70KnightsPheonix Crossland
11%
50RabbitohsTallis Duncan
11%
49DolphinsValynce Te Whare
11%
61Sea EaglesAaron Woods
9%
52SharksToby Rudolph
9%
75BroncosTristan Sailor
8%
46TitansHarley Smith-Shields
5%
84EelsHaze Dunster
5%

Score Distribution

Percentile by Number Answered

Percent of People with Each Score

Your Score History

You have not taken this quiz